| 000 | 00536nam a2200169Ia 4500 | ||
|---|---|---|---|
| 008 | 090124s9999 xx 000 0 und d | ||
| 082 | _b105189 | ||
| 100 | _aश्रीरमण | ||
| 245 | _a संस्कृति की झलक (जविनी) | ||
| 250 | _a1 | ||
| 300 | _a93 | ||
| 600 | _aश्रीरमण | ||
| 630 | _a संस्कृति की झलक (जविनी) | ||
| 700 | _aश्रीरमण | ||
| 730 | _a संस्कृति की झलक (जविनी) | ||
| 942 | _cBOOK | ||
| 999 |
_c151281 _d151281 |
||